000 00638nam a22002417a 4500
003 UA-OsUOA
001 133835
007 ta
008 20181108b un ||||| |||| 00| 0 ukr d
100 _aCioran S. D.
090 _a929:94
942 _cBK
040 _aUA-OsUOA
_beng
_cUA-OsUOA
_dUA-OsUOA
245 _aVladimir Solov'ev and the Knighthood of the Divine Sophia
300 _a280 p.
955 _a1
041 _aeng
080 _a929:94
260 _aWaterloo
_bWLUP
_c1977
650 7 _a9 Географія. Біографії. Історія
_2UDC
999 _c422746
_d422746